| 000 | 00813nam a2200229 a 4500 | ||
|---|---|---|---|
| 001 | 40251 | ||
| 003 | BD-RjUL | ||
| 005 | 20211209053158.0 | ||
| 008 | 160426s1977 bg ||||| |||| 00| 0 ben d | ||
| 035 | _a(BD-RjUL) 40366 | ||
| 040 |
_aBD-RjUL _bben _cBD-RjUL |
||
| 041 | _aben | ||
| 082 |
_223 _a360 _bKHU 1977 |
||
| 100 |
_aখান, শামসুজ্জামান _9124006 |
||
| 245 | 1 | 0 |
_aউচ্চতর সমাজ কল্যাণ / _cশামসুজ্জামান খান |
| 250 | _a২য় সং. | ||
| 260 |
_aঢাকা : _bবাংলা একাডেমী, _c১৯৭৭ [১৩৮৪] |
||
| 300 |
_a[১৯], ৩৯৯ পৃ. ; _c২১ সেমি. |
||
| 650 |
_aসমাজ কল্যাণ _9124010 |
||
| 650 |
_aSocial Welfare _9117946 |
||
| 942 |
_2ddc _cBK |
||
| 999 |
_c40251 _d40251 |
||